EA FC26 All Gold Switzerland Players - Statistics

General Stats
  • This quiz has been taken 24 times
  • The average score is 13 of 26
Answer Stats
Rate Club Answer % Correct
85 Sunderland Granit Xhaka
100%
86 Dortmund Gregor Kobel
100%
87 Inter Yann Sommer
100%
82 Inter Manuel Akanji
95%
77 Stade Rennais Breel Embolo
90%
82 Newcastle Fabian Schar
90%
82 AS Monaco Denis Zakaria
70%
78 Basel Xherdan Shaqiri
70%
81 Bologna Remo Freuler
65%
79 Nottingham Dan Ndoye
60%
77 Gladbach Nico Elvedi
55%
77 St. Louis City Roman Burki
55%
76 Sevilla Djibril Sow
50%
76 Leeds Noah Okafor
50%
75 Sevilla Ruben Vargas
50%
75 Burnley Zeki Amdouni
40%
77 Milan Ardon Jashari
35%
76 Gladbach Jonas Omlin
35%
75 Lugano Renato Steffen
25%
75 Hamburg SV Miro Muheim
20%
77 AS Monaco Philipp Kohn
20%
75 Marseille Ulisses Garcia
10%
76 Augsburg Cedric Zesiger
5%
75 Valencia Filip Ugrinic
5%
75 Feyenoord Jordan Lotomba
0%
75 Al Shabab Vincent Sierro
0%
No matching quizzes found
Score Distribution
Percent of People with Each Score
Percentile by Number Answered
Your Score History
You have not taken this quiz